000 00822nam a2200229 i 4500
001 C2-0335460
003 PPAK
005 20180728134852.0
008 160111s1999 my a|||| ||||| | may d
040 _aPPAK
_beng
_cPPAK
_erda
082 0 4 _a741.9595123
_223
090 0 0 _a741.9595123
_bRAK
_dKK
245 0 0 _aRakam rasa Inderapura 99 :
_bpameran lukisan tokoh Pahang
264 1 _aKuantan, Pahang :
_bPersatuan Senilukis dan Senireka Negeri Pahang ,
_c1999
300 _a37 pages :
_bcolour illustrations ;
_c22 x 31 cm
336 _2rdacontent
_atext
337 _2rdamedia
_aunmediated
338 _2rdacarrier
_avolume
650 1 0 _aArts - Pahang - History. ; Arts - Pahang - Exhibitions.
700 0 _aPejabat Kebudayaan dan Kesenian Negeri Pahang ; Majlis Kebudayaan Negeri Pahang,
_ecompile
942 _ddc
_cB
999 _c133631
_d133631